000 00779nas a2200253 4500
001 BR5400290
003 BR-BrBNA
005 20231205081946.0
007 ta
008 230509b bl.|||p| |||| 00| 00por d
040 _aBR-BrBNA
_bpor
_cBiblioteca Nacional de Agricultura
041 _a(Pt)
072 _aL72; L40
100 1 _aCorrea, O.
245 1 _aCarrapatos determinados no Rio Grande do Sul: biologia, patologia e controle [Brasil]
650 _aCONTROLE QUIMICO
650 _aCARRAPATO
650 _aBIOLOGIA ANIMAL
650 _aCONTROLE BIOLOGICO
650 _aRIO GRANDE DO SUL
773 0 _tBoletim da Diretoria da Producao Animal (Brazil)
_x
_g(Mar-1954), v. 10(18) p. 38-55
_wBR5400290
909 _a202311
_bLúcia
_c55
_dLúcia Elande
942 _2AGRIS
_n0
_cANA
999 _c88139
_d88139